000 01120nam a2200217Ia 4500
003 Ost
005 20260416102357.0
008 260416s9999||||xx |||||||||||||| ||und||
040 _cfsecg
041 _aara
082 _a382
100 _aمصطفى، سهيلة
_eمؤلف
245 0 _aالمنظمات المالية والتجارية الدولية :
_bموجه لطلبة السنة الثالثة تجارة دولية /
_c سهيلة مصطفى
260 _aالجزائر
_bجامعة الجزائر3: كلية العلوم الإقتصادية، العلوم التجارية وعلوم التسيير
_c2021
300 _a100 ورقة
_c30 سم
504 _aمراجع ص.76 ملاحق ص.81
520 _aتاريخ نشأة المنظمات المالية، صندوق النقد الدولي، البنك الدولي، المنظمة العالمية للتجارة.
653 _aالتجارة الخارجية
710 _aجامعة الجزائر3: كلية العلوم الإقتصادية، العلوم التجارية وعلوم التسيير
_eناشر علمي
942 _cHANDOUT
999 _c41260
_d41260